Chuyển đến nội dung
Inicio
Centros participantes
Catálogo
Servicios
Contacto
Đăng nhập
English
Deutsch
Español
Français
Italiano
日本語
Nederlands
Português
Português (Brasil)
中文(简体)
中文(繁體)
Türkçe
עברית
Gaeilge
Cymraeg
Ελληνικά
Català
Euskara
Русский
Čeština
Suomi
Svenska
polski
Dansk
slovenščina
اللغة العربية
বাংলা
Galego
Tiếng Việt
Hrvatski
हिंदी
Հայերէն
Українська
Sámegiella
Ngôn ngữ
Tất cả các trường
Tiêu đề
Tác giả
Chủ đề
Số hiệu
số ISBN/ISSN
Nhãn
Tìm kiếm
Nâng cao
Le milieu divin
Trích dẫn điều này
Email này
In
Xuất bản ghi
Xuất tới RefWorks
Xuất tới EndNoteWeb
Xuất tới EndNote
Lưu vào danh sách
Liên kết dài hạn
Agregar primera valuación
Le milieu divin
Đã lưu trong:
Chi tiết về thư mục
Tác giả chính:
Teilhard de Chardin, Pierre
Định dạng:
Sách
Ngôn ngữ:
Undetermined
Được phát hành:
París, Francia
Du Seuil
1957
Những chủ đề:
FILOSOFÍA
Các nhãn:
Thêm thẻ
Không có thẻ, Là người đầu tiên thẻ bản ghi này!
Đang giữ
Miêu tả
Những bình luận
Những quyển sách tương tự
Chế độ xem nhân viên
MARC
LEADER
00000nam a2200000Ia 4500
008
170316s9999 xx 000 0 und d
090
|a
100 T-4m
100
|a
Teilhard de Chardin, Pierre
245
|a
Le milieu divin
260
|a
París, Francia
260
|b
Du Seuil
260
|c
1957
300
|a
202 páginas
650
|a
FILOSOFÍA
999
|c
17784
|d
17784
040
|a
cru BVZT
942
|c
15 D
|h
100 T-4m
|2
z
Những quyển sách tương tự
Le milieu divin
Bằng: Teilhard de Chardin, Pierre
Được phát hành: (1957)
Le milieu divin
Bằng: Teilhard de Chardin, Pierre
Được phát hành: (1957)
Sens humain et sens divin
Bằng: Teilhard de Chardin, Pierre
Được phát hành: (1971)
Divine Grace and Man
Bằng: Fransen, Peter
Được phát hành: (1965)
Le phénomene humain
Bằng: Teilhard de Chardin, Pierre
Được phát hành: (1955)